Biomasa, alimentos y sostenibilidad : (Record no. 176959)

MARC details
000 -LEADER
campo de control de longitud fija 00905nam a22002775i 4500
001 - NÚMERO DE CONTROL
campo de control 176959
003 - IDENTIFICADOR DE NÚMERO DE CONTROL
campo de control ES-MaACL
005 - FECHA Y HORA DE LA ÚLTIMA TRANSACCIÓN
campo de control 20230906220224.0
008 - DATOS DE LONGITUD FIJA--INFORMACIÓN GENERAL
campo de control de longitud fija 110221s2008 sp |||| | spa d
020 ## - NÚMERO INTERNACIONAL ESTÁNDAR DEL LIBRO
Número Internacional Estándar del Libro 978-84-306-0758-7
080 ## - NÚMERO DE LA CLASIFICACIÓN DECIMAL UNIVERSAL
Número de la Clasificación Decimal Universal 338.2(100):504.12
080 ## - NÚMERO DE LA CLASIFICACIÓN DECIMAL UNIVERSAL
Número de la Clasificación Decimal Universal 620.95
100 1# - ENTRADA PRINCIPAL--NOMBRE DE PERSONA
Nombre de persona Fresco, Louise O.
9 (RLIN) 145298
245 10 - MENCIÓN DEL TÍTULO
Título Biomasa, alimentos y sostenibilidad :
Resto del título ¿existe un dilema? /
Mención de responsabilidad, etc. Louis O. Fresco ; con la participación de Daan Dijk y Wouter de Ridder.
260 ## - PUBLICACIÓN, DISTRIBUCIÓN, ETC.
Lugar de publicación, distribución, etc. Madrid :
Nombre del editor, distribuidor, etc. Taurus,
Fecha de publicación, distribución, etc. [2008]
300 ## - DESCRIPCIÓN FÍSICA
Extensión 119 p. ;
Dimensiones 19 cm.
490 1# - MENCIÓN DE SERIE
Mención de serie Cambio climático
650 #4 - PUNTO DE ACCESO ADICIONAL DE MATERIA--TÉRMINO DE MATERIA
Término de materia o nombre geográfico como elemento de entrada Alimentos-
Subdivisión general Abastecimiento.
9 (RLIN) 9731
650 #4 - PUNTO DE ACCESO ADICIONAL DE MATERIA--TÉRMINO DE MATERIA
Término de materia o nombre geográfico como elemento de entrada Desarrollo sostenible.
9 (RLIN) 11817
650 #4 - PUNTO DE ACCESO ADICIONAL DE MATERIA--TÉRMINO DE MATERIA
Término de materia o nombre geográfico como elemento de entrada Energía de la biomasa.
9 (RLIN) 145301
700 1# - ENTRADA AGREGADA--NOMBRE PERSONAL
Nombre de persona Dijk, Daan.
9 (RLIN) 145299
700 1# - ENTRADA AGREGADA--NOMBRE PERSONAL
Nombre de persona Ridder, Wouter de.
9 (RLIN) 145300
830 1# - PUNTO DE ACCESO ADICIONAL DE SERIE-TÍTULO UNIFORME
Título uniforme Cambio climático
9 (RLIN) 224115
852 4# - LOCALIZACIÓN
Ubicación ES-MaACL
Número de control de estantería E-14381
Holdings
Estatus retirado Estado de pérdida Estado de daño No para préstamo Biblioteca de origen Biblioteca actual Ubicación en estantería Fecha de adquisición Fuente de adquisición Total de préstamos Signatura topográfica completa Código de barras Visto por última vez Precio de reemplazo Tipo de ítem Koha
        Biblioteca del Ateneo de Madrid Biblioteca del Ateneo de Madrid Depósito 2 21/02/2011     E-14381 1185860 23/02/2023 23/02/2023 Libro impreso